El complemento circunstancial
Spremljeno u:
| Glavni autor: | |
|---|---|
| Format: | Knjiga |
| Jezik: | engleski |
| Izdano: |
Madrid, España:
Arco Libros,
1993
|
| Serija: | Cuadernos de Lengua Española.
|
| Teme: | |
| Oznake: |
Dodaj oznaku
Bez oznaka, Budi prvi tko označuje ovaj zapis!
|
MARC
| LEADER | 00000nam a22000007a 4500 | ||
|---|---|---|---|
| 003 | CL-VaPUC | ||
| 005 | 20220511162109.0 | ||
| 008 | 220404b1993 ||||| |||| 00| 0 eng d | ||
| 999 | |c 435257 |d 435255 | ||
| 020 | |a 84-7635-119-8 | ||
| 040 | |c Pontificia Universidad Católica de Valparaíso | ||
| 082 | 0 | 4 | |2 21 |a 465 POR 1993 |
| 100 | 1 | |a Porto Dapena, José Alvaro |9 477119 |e autor | |
| 245 | 1 | 3 | |a El complemento circunstancial |
| 260 | |a Madrid, España: |b Arco Libros, |c 1993 | ||
| 300 | |a 74 páginas | ||
| 490 | 0 | |a Cuadernos de Lengua Española. | |
| 500 | |a C.1 Donación Familia profesor Giovanni Parodi S. Memo 01/2022. 25-03-2022 | ||
| 583 | |c 20220404 |k Catalogador Asistente | ||
| 650 | 1 | |a Lengua española |x Gramática comparada y general |x Sintaxis |9 869011 | |
| 942 | |2 ddc |c BK | ||
| 952 | |0 0 |1 0 |2 ddc |4 0 |6 465_000000000000000_POR_1993 |7 0 |8 C_GPS |9 582393 |a FDOPOS |b FDOPOS |c GEN |d 2022-04-04 |e Donación |i 5650627 |o 465 POR 1993 |p 5650627 |r 2025-01-22 |t 1 |w 2022-04-04 |y BK |k MLA | ||